| 000 | 02094cam a22003617i 4500 | ||
|---|---|---|---|
| 999 |
_c29083 _d29054 |
||
| 001 | 20944590 | ||
| 003 | EG-ScBUE | ||
| 005 | 20210419093716.0 | ||
| 008 | 190423s2008 nyua f 000 0 eng d | ||
| 020 | _a9780486468853 | ||
| 020 | _a0486468852 | ||
| 035 | _a(OCoLC)ocn922707530 | ||
| 040 |
_aVVX _erda _dEG-ScBUE _beng _cVVX _dDLC |
||
| 082 | 0 | 4 |
_a741.2 _bKOL _222 |
| 100 | 1 |
_aKoller, E. L. _q(Edmund Leonard), _d1877- _eauthor. |
|
| 245 | 1 | 0 |
_aLight, shade and shadow / _cE.L. Koller. |
| 264 | 1 |
_aMineola, New York : _bDover Publications, Inc., _c2008. |
|
| 300 |
_a70 pages : _billustrations ; _c22 cm |
||
| 336 |
_atext _btxt _2rdacontent |
||
| 337 |
_aunmediated _bn _2rdamedia |
||
| 338 |
_avolume _bnc _2rdacarrier |
||
| 500 | _aAn unabridged republication of Light and shade : prepared especially for home study, originally published by International Textbook Co., Scranton, Pa., in 1937. | ||
| 505 | 0 | _aSources and kinds of illumination --Light and shade -- Demonstrations with wooden models -- Materials and methods of work -- Drawing exercises. | |
| 520 | _a"A classic in this series, Light, Shade and Shadow, shows how the study of light is a necessary foundation for creating an appealing work of art. Even the most beautiful drawing can appear flat without shading. But with this expert guide, every artist can learn how to use shadow to add visual dimension and drama to their work, and to master techniques such as highlighting and graduation. Beginning with the basics -- casting light on simple geometric shapes -- and progressing to the human figure, these step-by-step techniques, illustrations, and exercises can show artists of all abilities how to achieve a new level of depth in their work." -- back cover. | ||
| 650 | 7 |
_aDrawing _xTechnique. _2BUEsh |
|
| 650 | 7 |
_aDrawing _xStudy and teaching. _2BUEsh |
|
| 650 | 7 |
_aShades and shadows in art. _2BUEsh |
|
| 653 |
_bGGEN _cApril2021 |
||
| 655 |
_vReading book _934232 |
||
| 906 |
_a7 _bcbc _ccopycat _d2 _encip _f20 _gy-gencatlg |
||
| 942 |
_2ddc _cBB |
||